000
00214 a2200109 4500
020
_a
9780375502774
041
_a
eng
100
_a
Po Bronson
245
_a
The Nudist on the Late Shift
942
_c
BK
952
_7
4
999
_c
16641
_d
16641